| 000 | 00709nam a2200217 u 4500 | ||
|---|---|---|---|
| 001 | 65575 | ||
| 005 | 20180714072952.0 | ||
| 008 | 160622s2013 xx r 000 0 spa d | ||
| 020 | _a9789506417666 | ||
| 041 | 0 | _aspa | |
| 082 | 0 |
_a658.3 _bMAI |
|
| 100 | 1 |
_aMaison, Pablo, _eautor |
|
| 245 | 1 | 3 |
_aEl trabajo en la posmodernidad : _breflexiones y propuestas sobre las relaciones humanas en tiempos de la generación y / _cPablo Maison. |
| 250 | _aPrimera edición | ||
| 264 | 1 |
_aArgentina : _bGranica, _c2013 |
|
| 300 |
_a174 páginas ; _c22 cm. |
||
| 336 |
_atexto _2rdacontent |
||
| 337 |
_asin mediación _2rdamedia |
||
| 338 |
_avolumen _2rdacarrier |
||
| 650 | 4 | _aRelaciones laborales | |
| 999 |
_c65575 _d65575 |
||